Le roman du mariage / (Record no. 166426)

MARC details
000 -LEADER
campo de control de longitud fija 00736nam a22002055i 4500
001 - NÚMERO DE CONTROL
campo de control 166426
003 - IDENTIFICADOR DE NÚMERO DE CONTROL
campo de control ES-MaACL
005 - FECHA Y HORA DE LA ÚLTIMA TRANSACCIÓN
campo de control 20240126063022.0
008 - DATOS DE LONGITUD FIJA--INFORMACIÓN GENERAL
campo de control de longitud fija 050915m18801900fr | |||||||| ||fre d
040 ## - FUENTE DE CATALOGACIÓN
Centro catalogador/agencia de origen CAM
Lengua de catalogación spa
Centro/agencia transcriptor CAM
100 1# - ENTRADA PRINCIPAL--NOMBRE DE PERSONA
Nombre de persona Tolstói, Lev,
Fechas asociadas al nombre 1828-1910
9 (RLIN) 110489
245 13 - MENCIÓN DEL TÍTULO
Título Le roman du mariage /
Mención de responsabilidad, etc. Comte Léon Tolstoï ; traduit du russe par Michel Delines.
260 ## - PUBLICACIÓN, DISTRIBUCIÓN, ETC.
Lugar de publicación, distribución, etc. Paris :
Nombre del editor, distribuidor, etc. Librairie Marpon et Flammarion,
Fecha de publicación, distribución, etc. [s.a.] (
Lugar de fabricación/manufactura Lagny :
Fabricante Emile Colin)
300 ## - DESCRIPCIÓN FÍSICA
Extensión 248 p. ;
Dimensiones 18 cm.
596 ## - NOTA AL PIE DE IMPRENTA
NOTA AL PIE DE IMPRENTA Probablemente impreso en las últimas décadas del siglo XIX.
700 0# - ENTRADA AGREGADA--NOMBRE PERSONAL
Nombre de persona Delines, Michel.
9 (RLIN) 43521
852 ## - LOCALIZACIÓN
Ubicación ES-MaACL
Número de control de estantería F-9854
Nota libre -- Enc. hol. conservando la cub. original
Holdings
Estatus retirado Estado de pérdida Estado de daño No para préstamo Biblioteca de origen Biblioteca actual Ubicación en estantería Fecha de adquisición Fuente de adquisición Total de préstamos Signatura topográfica completa Código de barras Visto por última vez Precio de reemplazo Tipo de ítem Koha
        Biblioteca del Ateneo de Madrid Biblioteca del Ateneo de Madrid Sala Pecera Planta 2 17/01/2008     F-9854 1174547 23/02/2023 23/02/2023 Libro impreso